00481nam a22001697a 450000500170000000800410001702000180005802200150007604100120009108200120010310000120011524500570012725000440018426000330022830000250026165000250028620240924092931.0240924b |||||||| |||| 00| 0 eng d a9780409007831 a0409004480 aEnglish a349 JOU lEnglish aThe Law of South Africa / cWA Joubert and JA Faris  aThird Edition : Replacement Volume 2017 aDurban: bLexisNexis, c2012 b705 pages; c26 cm.  aLegal practice bLaw